Metody vícerozměrné statistické analýzy ověření možností použití pro analýzu diferenciace JZD

Gespeichert in:
Bibliographische Detailangaben
1. Verfasser: Mašát, Vladimír
Weitere Verfasser: Novák, Ilja, Křovák, Jiří
Format: Buch
Sprache:Tschechisch
Veröffentlicht: Praha Výzkumný ústav sociálně ekonomických informací 1983
Schriftenreihe:Studijní materiál č. 150
Tags: Tag hinzufügen
Keine Tags, Fügen Sie das erste Tag hinzu!

MARC

LEADER 00000nam a2200000 4500
001 c116696
005 20210819122818.5
041 0 |a cze 
044 |a CZ 
245 1 0 |a Metody vícerozměrné statistické analýzy  |b ověření možností použití pro analýzu diferenciace JZD  |c Vladimír Mašát, Ilja Novák, Jiří Křovák 
264 1 |a Praha  |b Výzkumný ústav sociálně ekonomických informací  |c 1983 
300 |a 40 s. 
490 1 |a Studijní materiál  |v č. 150 
830 0 |a Studijní materiál  |v č. 150 
100 1 |a Mašát, Vladimír 
700 1 |a Novák, Ilja 
700 1 |a Křovák, Jiří